[Event "Bethune op-B 25th"]
[Site "Bethune"]
[Date "2004.12.29"]
[Round "6"]
[White "Pizzo, Simon"]
[Black "Cormon, Eric"]
[Result "1-0"]
[WhiteElo "1510"]
[BlackElo "1710"]
[PlyCount "67"]
[EventDate "2004.12.26"]
[EventType "swiss"]
[EventRounds "7"]
[EventCountry "FRA"]
[SourceTitle "EXT 2006"]
[Source "ChessBase"]
[SourceDate "2005.11.24"]
[SourceVersion "1"]
[SourceVersionDate "2005.11.24"]
[SourceQuality "1"]

1. e4 c5 2. d4 cxd4 3. c3 Nf6 4. e5 Nd5 5. cxd4 e6 6. a3 Nc6 7. Nf3 a6 8. Nc3 Qa5 9. Bd2 Nxc3 10. Bxc3 Qd8 11. Bd3 b5 12. 0-0 Bb7 13. b4 h6 14. h3 Ne7 15. Nh2 Nd5 16. Bd2 Qh4 17. Qg4 Qd8 18. f4 Qb6 19. Nf3 h5 20. Qg3 Ne7 21. Be3 Bd5 22. f5 exf5 23. Nh4 g6 24. Rac1 Nc6 25. Nxg6 fxg6 26. Qxg6+ Bf7 27. Qxf5 Be6 28. Qf6 Rg8 29. Bg6+ Rxg6 30. Qxg6+ Kd8 31. Rxf8+ Kc7 32. Rxa8 Qb7 33. Rh8 Qa7 34. Rh7 1-0